Crónicas / (Registro nro. 31072)
[ vista simple ]
| 000 -LEADER | |
|---|---|
| fixed length control field | 01228nam a22002177a 4500 |
| 003 - CONTROL NUMBER IDENTIFIER | |
| control field | OSt |
| 005 - DATE AND TIME OF LATEST TRANSACTION | |
| control field | 20250821123611.0 |
| 008 - FIXED-LENGTH DATA ELEMENTS--GENERAL INFORMATION | |
| fixed length control field | 250821t |||||||| |||| 00| 0 spa d |
| 020 ## - INTERNATIONAL STANDARD BOOK NUMBER | |
| International Standard Book Number | 9789587572681 |
| 037 ## - SOURCE OF ACQUISITION | |
| Source of stock number/acquisition | Donación |
| 040 ## - CATALOGING SOURCE | |
| Original cataloging agency | CO-JMCR |
| Language of cataloging | spa |
| Transcribing agency | CO-JMCR |
| Modifying agency | CO-JMCR |
| Description conventions | rda |
| 041 0# - LANGUAGE CODE | |
| Language code of text/sound track or separate title | spa |
| 082 04 - DEWEY DECIMAL CLASSIFICATION NUMBER | |
| Classification number | 070.44 |
| Item number | E51c |
| Edition number | 23 |
| 110 2# - MAIN ENTRY--CORPORATE NAME | |
| Corporate name or jurisdiction name as entry element | El Tiempo. |
| 9 (RLIN) | 2528 |
| 245 10 - TITLE STATEMENT | |
| Title | Crónicas / |
| Statement of responsibility, etc. | El Tiempo. |
| 264 ## - PRODUCTION, PUBLICATION, DISTRIBUTION, MANUFACTURE, AND COPYRIGHT NOTICE | |
| Place of production, publication, distribution, manufacture | Bogotá : |
| Name of producer, publisher, distributor, manufacturer | Intermedio, |
| -- | El Tiempo Casa Editorial, |
| -- | Intermedio Editores S.A.S. |
| Date of production, publication, distribution, manufacture, or copyright notice | 2013. |
| 300 ## - PHYSICAL DESCRIPTION | |
| Extent | 256 páginas ; |
| Dimensions | 24 cm. |
| 520 ## - SUMMARY, ETC. | |
| Summary, etc. | El propósito de esta antología es recoger algunos de los mejores textos publicados en el periódico EL TIEMPO durante el año 2013. Esta vez son crónicas y perfiles, relatos que por su calidad merecieron ser publicados, pero que también merecen ahora ser recordados, releídos: perdurar más allá del día, gracias otra vez al papel, a las palabras que quedan en un papel. La idea es que quienes los leyeron en su momento renueven el placer de haberlo hecho, y quienes no lo hicieron puedan asomarse a muchas historias memorables que dan fe de lo que pasó en el mundo y en Colombia en estos meses. |
| 650 24 - SUBJECT ADDED ENTRY--TOPICAL TERM | |
| Topical term or geographic name entry element | Crónicas colombianas |
| Source of heading or term | JMCR |
| 9 (RLIN) | 2253 |
| 942 ## - ADDED ENTRY ELEMENTS (KOHA) | |
| Source of classification or shelving scheme | Dewey Decimal Classification |
| Koha item type | Books |
| Withdrawn status | Lost status | Source of classification or shelving scheme | Damaged status | Not for loan | Collection code | Home library | Current library | Shelving location | Date acquired | Source of acquisition | Total Checkouts | Full call number | Barcode | Date last seen | Copy number | Price effective from | Koha item type |
|---|---|---|---|---|---|---|---|---|---|---|---|---|---|---|---|---|---|
| Dewey Decimal Classification | Non-fiction | Biblioteca Pública José María del Castillo y Rada | Biblioteca Pública José María del Castillo y Rada | Book Cart | 02/24/2022 | Donación | 070.44 E51c | 201812062 | 08/21/2025 | Ej.1 | 08/21/2025 | Books |